03946nam a2200529Ia 45000010005000000080041000050100009000460410014000550820018000692450138000872600012002253000007002375200007002446300016002516300040002676300018003076500039003256900016003647000023003807000038004039010047004419020006004889030031004949040018005259050039005439060006005829070014005889080014006029090080006169100015006969110010007119120014007219130009007359140026007449150009007709160009007799170009007889180014007979190024008115202522008359210007033579220007033649230006033719240014033779420010033919990015034011602241029s9999 xx 000 0 und d a1496 aEspañol aMAED 2000-14. 0aNivel de Conocimiento y Actitudes de los Maestros / as del Distrito 06-04 de la Educación Básica de La Vega, con Respecto al SIDA aLa Vega a88 a36 aEnseñanza aFormación Profesional de Maestros aSalud Escolar aAdministración de la Educación aSintetizado easesoraNo, Aplica eautora Custodio Guerrero, Pedro  a{"1":" Custodio Guerrero"}b{"1":"Pedro "} a1 a{"1":"No"}b{"1":"Aplica"} aMaestría en aAdministración de la Educación a2 aNO APLICA aNO APLICA aPontificia Universidad Católica Madre y Maestra (PUCMM), Recinto Santiago aNULLbNULL a["1"] aNO APLICA aNULL a01 de Febrero de 2000 aNULL aNULL aNULL aNO APLICA a["202","109","181"] aLa investigación cae dentro de la categoría de estudios no experimentales, descriptivos y comparativos. El propósito de la investigación es determinar los niveles de conocimientos y actitudes que los maestros(as) manifiestan con relación al SIDA. Se seleccionaron 79 Centros de la Educación Básica, del Distrito 04 de La Vega.El universo se limita a los maestros(as), el mismo fue de 459 maestros(as), de éstos se eligió una muestra de 209 en forma aleatoria. Se usó un cuestionario tipo encuesta de 44 ítems. Se evidencia que los maestros(as) manifiestan desconocimiento de las informaciones generales sobre SIDA. Se observan un porcentaje significativo de omisiones de respuestas, lo que se puede interpretar como desconocimiento o temor de dar alguna respuesta en relación al tema. Los maestros(as) casi siempre reciben la información a través de los medios de comunicación, una minoría a través de jornadas educativas desarrolladas con ese propósito específico.El nivel de conocimiento respecto a las formas de transmisión es deficiente, de modo general; aunque conocen que las principales formas son por vía sexual y el uso de jeringas contaminadas, sin embargo, a través de otras formas se observan omisiones y confusiones, lo que determina una actitud equivocada con respecto a otras formas de transmisión. Sobre la prevención, el nivel de conocimientos es adecuado, sin embargo, los hábitos conductuales revelan que no siguen estas medidas de prevención; más de la mitad de los encuestados masculinos manifiestan que tienen más de una pareja sexual y un porcentaje significativo afirma no usar el condón o preservativo regularmente en sus relaciones, lo que pone a esta población en riesgo de contagio del virus.Los maestros encuestados respondieron de esta forma: En cuanto a que si el SIDA es una enfermedad exclusiva de los homosexuales, 77.0% respondió afirmativo, 11.0% negativo, 8.1% no está seguro y 3.8% no respondió. Con respecto a que si una persona puede estar infectada con el virus y no tener SIDA, el 12.9% respondió afirmativo, el 25.3% negativo, 56.4% no está seguro y 5.2% no respondió. Con relación a si el virus ocasiona la muerte a quien lo posee, 79.9% respondió afirmativamente, 7.1% negativo, 8.6% no está seguro y 4.3% no respondió. Si una persona con el virus puede contagiar a otras si tiene relaciones sexuales íntimas, 92.2% respondió afirmativo, 0.4% negativo, 2.8 inseguro y 3.3% no respondió. a11 a11 a0 aNO APLICA cTesis c1496d1496